Top 100 Greatest NBA Players of All-Time - Statistics

General Stats
  • This quiz has been taken 182 times
  • The average score is 66 of 100
Answer Stats
# Retired Player % Correct
1 2003 Michael Jordan
100%
2 active LeBron James
99%
6 2011 Shaquille O'Neal
98%
10 active Stephen Curry
98%
11 2016 Kobe Bryant
97%
4 1996 Magic Johnson
97%
3 1989 Kareem Abdul-Jabbar
96%
8 1992 Larry Bird
95%
13 active Kevin Durant
93%
9 1973 Wilt Chamberlain
92%
7 2016 Tim Duncan
90%
5 1969 Bill Russell
89%
17 active Nikola Jokic
88%
18 2019 Dirk Nowitzki
87%
12 2002 Hakeem Olajuwon
87%
24 active Giannis Antetokounmpo
86%
15 1974 Jerry West
86%
34 active James Harden
85%
28 2003 Scottie Pippen
85%
22 2004 Karl Malone
84%
21 1995 Moses Malone
84%
23 2019 Dwayne Wade
83%
16 2016 Kevin Garnett
82%
20 1987 Julius Erving
81%
69 active Kyrie Irving
81%
48 active Russell Westbrook
81%
30 active Chris Paul
80%
57 active Luka Doncic
80%
29 2003 John Stockton
79%
32 active Kawhi Leonard
79%
36 2010 Allen Iverson
78%
25 2000 Charles Barkley
78%
98 active Klay Thompson
78%
19 2003 David Robinson
77%
86 2019 Tony Parker
77%
14 1974 Oscar Robertson
75%
67 2000 Dennis Rodman
74%
75 2018 Manu Ginobili
74%
35 2014 Steve Nash
74%
27 1994 Isiah Thomas
73%
71 2017 Chris Bosh
72%
49 2017 Paul Pierce
72%
33 2013 Jason Kidd
70%
40 2002 Patrick Ewing
69%
62 2019 Pau Gasol
69%
51 2014 Ray Allen
69%
60 2022 Carmelo Anthony
68%
59 2012 Tracy McGrady
68%
52 2022 Dwight Howard
67%
65 2020 Vince Carter
67%
39 1998 Clyde Drexler
66%
37 1970 Bob Cousy
65%
64 active Damian Lillard
65%
78 active Paul George
65%
45 active Anthony Davis
64%
31 1978 John Havlicek
64%
88 active Draymond Green
63%
61 1986 Bob McAdoo
62%
38 1965 Bob Pettit
62%
50 1999 Dominique Wilkins
62%
66 active Joel Embiid
62%
42 1986 George Gervin
61%
93 active Jayson Tatum
61%
46 1993 Kevin Mchale
61%
92 1975 Lenny Wilkens
61%
26 1971 Elgin Baylor
60%
44 1956 George Mikan
60%
63 1994 James Worthy
60%
68 1997 Robert Parish
60%
91 2013 Chauncey Billups
59%
53 2007 Gary Payton
59%
54 2005 Reggie Miller
59%
55 1987 Bill Walton
56%
87 2008 Alonzo Mourning
55%
81 2009 Dikembe Mutombo
54%
77 1980 Pete Maravich
54%
70 1981 Wes Unseld
53%
43 1980 Walt Frazier
52%
96 1999 Joe Dumars
51%
58 1974 Willis Reed
51%
76 1991 Alex English
50%
47 1981 Elvin Hayes
49%
85 1969 Sam Jones
47%
41 1978 Rick Barry
45%
90 2007 Chris Webber
44%
97 1993 Bernard King
42%
83 active Jimmy Butler
42%
56 1964 Dolph Schayes
39%
74 1983 Dave Cowens
38%
89 1980 Earl Monroe
38%
79 2013 Grant Hill
38%
73 1973 Hal Greer
37%
84 1991 Adrian Dantley
33%
82 1984 Bob Lanier
32%
72 1962 Paul Arizin
32%
100 1988 Artis Gilmore
31%
99 1978 Dave Bing
31%
80 1984 Nate Archibald
31%
95 1974 Dave DeBusschere
30%
94 1976 Bill Sharman
13%
No matching quizzes found
Score Distribution
Percent of People with Each Score
Percentile by Number Answered
Your Score History
You have not taken this quiz